Niektoré ustanovenia vládneho návrhu novely zákona o veľkej privatizácii

Obsah návrhu pomerne rozsiahlej novelizácie zákona č. 92/1991 Zb. v znení neskorších predpisov.

Guardado en:
Detalles Bibliográficos
Formato: Capítulo de libro
Lenguaje:eslovaco
Materias:
Etiquetas: Agregar Etiqueta
Sin Etiquetas, Sea el primero en etiquetar este registro!

MARC

LEADER 00000naa a2200000 4500
001 r000288
005 20221213123434.0
041 0 |a slo 
044 |a SK 
245 1 0 |a Niektoré ustanovenia vládneho návrhu novely zákona o veľkej privatizácii 
520 |a Obsah návrhu pomerne rozsiahlej novelizácie zákona č. 92/1991 Zb. v znení neskorších predpisov. 
610 2 0 |a privatizácia 
610 2 0 |a zákony 
610 2 0 |a Slovensko 
610 2 0 |a 1991 
610 2 0 |a 1993 
610 2 0 |a dokumenty vládne